Central Library OPAC University of Rajshahi

Music in India : (Record no. 62029)

MARC details
000 -LEADER
fixed length control field 00779nam a2200265 a 4500
001 - CONTROL NUMBER
control field 62029
003 - CONTROL NUMBER IDENTIFIER
rucl marc code BD-RjUL
005 - DATE AND TIME OF LATEST TRANSACTION
control field 20211209081033.0
008 - FIXED-LENGTH DATA ELEMENTS--GENERAL INFORMATION
fixed length control field 170122s20011987njua b 001 0 eng d
020 ## - INTERNATIONAL STANDARD BOOK NUMBER
International Standard Book Number 8185054258
International Standard Book Number 8173043957
035 ## - SYSTEM CONTROL NUMBER
System control number (BD-RjUL) 62154
040 ## - CATALOGING SOURCE
Original cataloging agency BD-RjUL
Transcribing agency BD-RjUL
Modifying agency BD-RjUL
Language of cataloging eng
041 ## - LANGUAGE CODE
Language code of text/sound track or separate title eng
082 ## - DEWEY DECIMAL CLASSIFICATION NUMBER
Classification number 780.954
Edition number 23
Author mark and year WAM 2001
100 1# - MAIN ENTRY--PERSONAL NAME
Personal name Wade, Bonnie C.
9 (RLIN) 184548
245 10 - TITLE STATEMENT
Title Music in India :
Remainder of title the classical traditions /
Statement of responsibility, etc. Bonnie C. Wade.
250 ## - EDITION STATEMENT
Edition statement Rev. ed.
260 ## - PUBLICATION, DISTRIBUTION, ETC. (IMPRINT)
Place of publication, distribution, etc. New Delhi :
Name of publisher, distributor, etc. Manohar Publication,
Date of publication, distribution, etc. c1987 [reprinted 2001]
300 ## - PHYSICAL DESCRIPTION
Pagination xii, 262 p. :
Illustrations ill. ;
Size 23 cm.
500 ## - GENERAL NOTE
General note Includes index.
650 #0 - SUBJECT ADDED ENTRY--TOPICAL TERM
Topical term or geographic name as entry element Music
Geographic subdivision India
General subdivision History and criticism.
9 (RLIN) 184549
942 ## - ADDED ENTRY ELEMENTS (KOHA)
Source of classification or shelving scheme Dewey Decimal Classification
Koha item type Books
Holdings
Lost status Source of classification or shelving scheme Damaged status Not for loan Collection code Permanent Location Current Location Shelving location Date acquired Source of acquisition Total Checkouts Full call number Date last seen Copy number Koha item type
  Dewey Decimal Classification   Not For Loan Non-fiction Central Library, University of Rajshahi Central Library, University of Rajshahi Reading Room 28/07/2005 Asia foundation   780.954 WAM 2001 22/01/2017 C-1 Books